[Event "2014: Blitz 《 THE FINAL SHOOT-OUT 》"]
[Site "SchemingMind.com"]
[Date "2014.11.23"]
[Round "-"]
[White "Scooter"]
[Black "Ramesh Panwar"]
[Result "0-1"]
[WhiteCountry "USA"]
[BlackCountry "IND"]
[WhiteElo "1761"]
[WhiteRD "48"]
[BlackElo "2207"]
[BlackRD "52"]
[GameID "369437"]

1. d4 Nf6 2. Nf3 e6 3. Bf4 c5 4. c3 d5 5. e3 Nbd7 6. Bb5 Qb6 7. Bxd7+ Bxd7 8. Qb3 Qa6 9. Qc2 Nh5 10. Nbd2 f6
11. h3 cxd4 12. cxd4 Rc8 13. Qd1 Nxf4 14. exf4 Bd6 15. a4 Bxf4 16. Qe2 Qxe2+ 17. Kxe2 O-O 18. b3 b5 19. a5 b4 20. Rhc1 Rc3
21. g3 Bd6 22. Kd1 e5 23. dxe5 fxe5
0-1

[Event "2014: Blitz 《 THE FINAL SHOOT-OUT 》"]
[Site "SchemingMind.com"]
[Date "2014.12.16"]
[Round "-"]
[White "Ramesh Panwar"]
[Black "emvarela"]
[Result "1-0"]
[WhiteCountry "IND"]
[BlackCountry "ARG"]
[WhiteElo "2279"]
[WhiteRD "51"]
[BlackElo "1700"]
[BlackRD "51"]
[GameID "371530"]

1. d4 Nf6 2. c4 e6 3. Nc3 Bb4 4. Bd2 O-O 5. e3 Bxc3 6. Bxc3 d5 7. Nf3 dxc4 8. Bxc4 Nbd7 9. O-O Nb6 10. Bd3 Bd7
11. Qc2 Nbd5 12. Bd2 c6 13. e4 Nc7 14. e5 Nfd5 15. Bxh7+ Kh8 16. Qe4 f5 17. exf6 Nxf6 18. Qh4
1-0

[Event "2014: Blitz 《 THE FINAL SHOOT-OUT 》"]
[Site "SchemingMind.com"]
[Date "2014.12.17"]
[Round "-"]
[White "emvarela"]
[Black "Scooter"]
[Result "1-0"]
[WhiteCountry "ARG"]
[BlackCountry "USA"]
[WhiteElo "1695"]
[WhiteRD "49"]
[BlackElo "1778"]
[BlackRD "45"]
[GameID "371531"]

1. e4 c6 2. d4 d5 3. Nc3 dxe4 4. Nxe4 Bf5 5. Ng3 Bg6 6. h4 h6 7. Nf3 Nd7 8. h5 Bh7 9. Bd3 Qc7 10. Bxh7 Rxh7
11. Qd3 Ngf6 12. Rh4 e6 13. Bf4 Bd6 14. Bxd6 Qxd6 15. Ne4 Nxe4 16. Qxe4 Nf6 17. Qe5 Qb4+ 18. c3 Qxb2 19. Rd1 Qxc3+ 20. Kf1 Qc4+
21. Kg1 Qd5 22. Qxd5 Nxd5 23. Ne5 Rh8 24. Nc4 O-O-O 25. g3 Nc3 26. Rd2 Nb5 27. Ne5 Rhf8 28. a4 Nc3 29. a5 Rd5 30. Rg4 f6
31. Ng6 Rfd8 32. Ne7+ Kc7 33. Nxd5+ Rxd5 34. Rxg7+ Rd7 35. Rg6 Rh7 36. Rd3 Ne4 37. f3 Ng5 38. Rxf6
1-0

[Event "2014: Blitz 《 THE FINAL SHOOT-OUT 》"]
[Site "SchemingMind.com"]
[Date "2014.12.29"]
[Round "-"]
[White "BigDoggProblem"]
[Black "emvarela"]
[Result "1-0"]
[WhiteCountry "USA"]
[BlackCountry "ARG"]
[WhiteElo "1834"]
[WhiteRD "62"]
[BlackElo "1695"]
[BlackRD "49"]
[GameID "371805"]

1. e4 e5 2. Nf3 Nc6 3. Bb5 a6 4. Ba4 Nf6 5. O-O Bc5 6. c3 d5 7. Nxe5 Bd7 8. Nxd7 Qxd7 9. e5 Ng4 10. e6 fxe6
11. Qxg4 O-O 12. d4 Bd6 13. Bg5 b5 14. Bc2 Qf7 15. Nd2 e5 16. dxe5 Nxe5 17. Qh3 Ng6 18. Nf3 Rae8 19. Rae1 Rxe1 20. Rxe1 Bf4
21. Qe6 Bxg5 22. Nxg5 Qxe6 23. Rxe6 a5 24. Bxg6 hxg6 25. Rxg6
1-0

[Event "2014: Blitz 《 THE FINAL SHOOT-OUT 》"]
[Site "SchemingMind.com"]
[Date "2014.12.24"]
[Round "-"]
[White "Ramesh Panwar"]
[Black "BigDoggProblem"]
[Result "1-0"]
[WhiteCountry "IND"]
[BlackCountry "USA"]
[WhiteElo "2279"]
[WhiteRD "51"]
[BlackElo "1824"]
[BlackRD "62"]
[GameID "371806"]

1. e4 c5 2. Nf3 Nc6 3. Bb5 Nd4 4. Nxd4 cxd4 5. O-O Qb6 6. Ba4 g6 7. d3 Bg7 8. c3 e6 9. cxd4 Bxd4 10. Na3 Ne7
11. Nb5 Be5 12. d4 a6 13. dxe5 axb5 14. Be3 Qa6 15. Bb3 Qc6 16. Bg5 Qxe4 17. Bf6 Rg8 18. Qd6 Nf5 19. Qb6 Ne7 20. Rac1 Qb4
21. Rc7 Qa5 22. Qc5
1-0

[Event "2014: Blitz 《 THE FINAL SHOOT-OUT 》"]
[Site "SchemingMind.com"]
[Date "2014.12.28"]
[Round "-"]
[White "BigDoggProblem"]
[Black "ray winteringham"]
[Result "1-0"]
[WhiteCountry "USA"]
[BlackCountry "ENG"]
[WhiteElo "1834"]
[WhiteRD "62"]
[BlackElo "1478"]
[BlackRD "50"]
[GameID "371968"]

1. e4 e5 2. Nf3 Nc6 3. Bb5 d6 4. c3 Be7 5. d4 Bg4 6. d5 a6 7. Ba4 b5 8. dxc6 bxa4 9. Qxa4 Nf6 10. Nbd2 O-O
11. O-O a5 12. h3 Bh5 13. Re1 Ra6 14. b4 Qa8 15. b5 Rb6 16. c4 Bg6 17. Bb2 Ne8 18. g4 f6 19. Bc3 Bf7 20. Qxa5 Qc8
21. a4 h5 22. Nh2 Be6 23. f3 g6 24. Nhf1 f5 25. exf5 gxf5 26. c5 dxc5 27. Rxe5 fxg4 28. Rxh5 gxh3 29. Rh8+ Kf7 30. Rh7+ Kg8
31. Rxe7 Rf7 32. Rxf7 Kxf7 33. Be5 Bd5 34. Qc3 Nd6 35. Qe3 Qg8+ 36. Ng3 Nf5 37. Qf4 Be6 38. Ne4 Rb8 39. Ng5+ Ke7 40. Nxf5+ Bxf5
41. Qxf5 Rf8 42. Qd7#
1-0

[Event "2014: Blitz 《 THE FINAL SHOOT-OUT 》"]
[Site "SchemingMind.com"]
[Date "2014.12.29"]
[Round "-"]
[White "emvarela"]
[Black "ray winteringham"]
[Result "1-0"]
[WhiteCountry "ARG"]
[BlackCountry "ENG"]
[WhiteElo "1695"]
[WhiteRD "49"]
[BlackElo "1478"]
[BlackRD "50"]
[GameID "371969"]

1. e4 e5 2. Nf3 Nc6 3. d4 exd4 4. c3 dxc3 5. Bc4 h6 6. Nxc3 Bb4 7. Bd2 d6 8. Qb3 Qe7 9. O-O Nf6 10. Nd5 Nxd5
11. exd5 O-O 12. dxc6 Bxd2 13. Nxd2 Qg5 14. Nf3 Qc5 15. Rac1 Qf5 16. cxb7 Rb8 17. Bd5 Bd7 18. Rxc7 Rfc8 19. bxc8=Q+ Rxc8 20. Bxf7+ Qxf7
21. Qxf7+ Kxf7 22. Rxd7+
1-0

[Event "2014: Blitz 《 THE FINAL SHOOT-OUT 》"]
[Site "SchemingMind.com"]
[Date "2014.12.29"]
[Round "-"]
[White "ray winteringham"]
[Black "Scooter"]
[Result "0-1"]
[WhiteCountry "ENG"]
[BlackCountry "USA"]
[WhiteElo "1478"]
[WhiteRD "50"]
[BlackElo "1778"]
[BlackRD "45"]
[GameID "371970"]

1. e4 c6 2. Nf3 d5 3. d3 dxe4 4. Nfd2 exd3 5. Bxd3 Nf6 6. O-O e6 7. h3 Be7 8. c4 O-O 9. b3 b6 10. Bb2 Bb7
11. Nc3 Qxd3 12. Qc1 c5 13. Rd1 Qg6 14. f3 Bd6 15. Nb5 Bf4 16. Qb1 Qg5 17. Qc2 Rd8 18. Bxf6 gxf6 19. Ne4 Rxd1+ 20. Rxd1 Qf5
21. Qd3 Bxe4 22. fxe4 Qe5 23. Qd8+ Kg7 24. Qe8 Qxe4 25. Qd8 Na6 26. Qd3 Qxd3 27. Rxd3 Nb4 28. Rf3 Be5 29. a3 Nc2 30. Rd3 Nd4
31. g4 Rd8 32. Re3 Nxb5 33. cxb5 Bd4
0-1

[Event "2014: Blitz 《 THE FINAL SHOOT-OUT 》"]
[Site "SchemingMind.com"]
[Date "2014.12.29"]
[Round "-"]
[White "Ramesh Panwar"]
[Black "ray winteringham"]
[Result "1-0"]
[WhiteCountry "IND"]
[BlackCountry "ENG"]
[WhiteElo "2279"]
[WhiteRD "51"]
[BlackElo "1525"]
[BlackRD "50"]
[GameID "371971"]

1. e4 c5 2. Nf3 g6 3. Nc3 Bg7 4. Bc4 d6 5. d4 b6 6. Bd5 Qc7 7. Bxa8 Bb7 8. Bxb7 Qxb7 9. O-O Nf6 10. e5 dxe5
11. dxe5 Nfd7 12. e6 fxe6 13. Re1 O-O 14. Rxe6 Qc8 15. Nd5 Nf6 16. Nxe7+
1-0

[Event "2014: Blitz 《 THE FINAL SHOOT-OUT 》"]
[Site "SchemingMind.com"]
[Date "2014.12.31"]
[Round "-"]
[White "kenneth m day"]
[Black "BigDoggProblem"]
[Result "1/2-1/2"]
[WhiteCountry "USA"]
[BlackCountry "USA"]
[WhiteElo "1691"]
[WhiteRD "48"]
[BlackElo "1834"]
[BlackRD "62"]
[GameID "372249"]

1. e4 d6 2. d4 Nf6 3. Nc3 g6 4. Nf3 Bg7 5. Be3 O-O 6. Qd2 c6 7. O-O-O b5 8. Bd3 a5 9. e5 dxe5 10. dxe5 Ng4
11. h3 Nxe3 12. Qxe3 Qc7 13. h4 Na6 14. h5 Bg4 15. hxg6 fxg6 16. Rde1 Bxf3 17. gxf3 b4 18. Ne4 Qxe5 19. c3 bxc3 20. Nxc3 Qxe3+
21. fxe3 Rxf3 22. Be4 Rf2 23. Bxc6 Nb4 24. Bxa8 Nd3+=
1/2-1/2

[Event "2014: Blitz 《 THE FINAL SHOOT-OUT 》"]
[Site "SchemingMind.com"]
[Date "2015.01.03"]
[Round "-"]
[White "kenneth m day"]
[Black "emvarela"]
[Result "1/2-1/2"]
[WhiteCountry "USA"]
[BlackCountry "ARG"]
[WhiteElo "1698"]
[WhiteRD "51"]
[BlackElo "1693"]
[BlackRD "51"]
[GameID "372250"]

1. e4 e5 2. Nf3 Nc6 3. c3 d5 4. Qa4 f6 5. d3 dxe4 6. dxe4 Bd7 7. Be3 Nd4 8. Qd1 Nxf3+ 9. Qxf3 Bd6 10. Bc4 Ne7
11. Nd2 Nc6 12. O-O-O Qe7 13. Bd5 h5 14. h3 a6 15. Qe2 Bc5 16. Nb3 Bxe3+ 17. Qxe3 O-O-O 18. Qe2 Nb8 19. Na5 c6 20. Bb3 Be6
21. Qc2 Bxb3 22. Qxb3 b5 23. c4 Rxd1+ 24. Rxd1 Rd8 25. cxb5 Qc5+ 26. Qc3 Rxd1+ 27. Kxd1 Qxc3 28. bxc3 cxb5 29. Nb3=
1/2-1/2

[Event "2014: Blitz 《 THE FINAL SHOOT-OUT 》"]
[Site "SchemingMind.com"]
[Date "2015.01.03"]
[Round "-"]
[White "Scooter"]
[Black "kenneth m day"]
[Result "1-0"]
[WhiteCountry "USA"]
[BlackCountry "USA"]
[WhiteElo "1731"]
[WhiteRD "44"]
[BlackElo "1698"]
[BlackRD "51"]
[GameID "372251"]

1. d4 d5 2. Nf3 Bg4 3. Bf4 Nd7 4. Nbd2 Ngf6 5. e3 c6 6. Be2 Qb6 7. b3 e6 8. O-O Be7 9. c4 O-O 10. Ne5 Bxe2
11. Nxd7 Nxd7 12. Qxe2 Nf6 13. cxd5 exd5 14. h3 Rfe8 15. Be5 Bd8 16. Bxf6 Bxf6 17. Qd3 c5 18. dxc5 Qxc5 19. Rac1 Qd6 20. Rfd1 Bd8
21. Nc4 Qe6 22. Qxd5 Qf6 23. Qd7 Be7 24. Qxb7 Bc5 25. Qd5 Be7 26. Qf3 Qe6 27. Rd4 Bc5 28. Rd5 Be7 29. Re5 Qf6 30. Qe4 g6
31. Rd1 Kf8 32. Qf3 Qxf3 33. gxf3 Bf6 34. Rxe8+ Rxe8 35. Kf1 Rc8 36. Ke2 Ke7 37. e4 Rc6 38. Ke3 Ke6 39. f4 Be7 40. e5 Bc5+
41. Kf3 Be7 42. Ke4 h6 43. f3 Bh4 44. Rd6+ Rxd6 45. Nxd6 Be1 46. Nb5 a5 47. Nc7+ Kd7 48. Nd5 Kc6 49. Ne7+ Kc5 50. a3 Bc3
51. Nd5 Bd2 52. b4+ axb4 53. axb4+ Kb5 54. f5 Kc6 55. Ne7+ Kb5 56. fxg6 fxg6 57. Nxg6 Bxb4 58. e6 Kc6 59. f4 Kd6 60. e7 Kd7
61. Kf5 Bxe7 62. Nxe7 Kxe7 63. Kg6 Ke6 64. f5+ Ke7 65. Kg7 h5 66. f6+
1-0

[Event "2014: Blitz 《 THE FINAL SHOOT-OUT 》"]
[Site "SchemingMind.com"]
[Date "2014.12.31"]
[Round "-"]
[White "ray winteringham"]
[Black "kenneth m day"]
[Result "0-1"]
[WhiteCountry "ENG"]
[BlackCountry "USA"]
[WhiteElo "1478"]
[WhiteRD "50"]
[BlackElo "1691"]
[BlackRD "48"]
[GameID "372252"]

1. e4 e5 2. Nf3 Nc6 3. Bb5 f5 4. Nc3 fxe4 5. Nxe4 d5 6. Ng3 Bd6 7. O-O Ne7 8. b3 O-O 9. Bb2 Bd7 10. Be2 Ng6
11. Bb5 a6 12. Be2 Qf6 13. Rb1 Rae8 14. h3 Be6 15. d3 Nf4 16. Nh2 Nxe2+ 17. Qxe2 Nd4 18. Bxd4 exd4 19. Qd1 c5 20. a4 Qg5
21. Qh5 Qd2 22. Qe2 Qf4 23. Rbe1 Bd7 24. Qd1 Rxe1 25. Rxe1 Qxf2+ 26. Kh1 Qxg3
0-1

[Event "2014: Blitz 《 THE FINAL SHOOT-OUT 》"]
[Site "SchemingMind.com"]
[Date "2015.01.01"]
[Round "-"]
[White "kenneth m day"]
[Black "Ramesh Panwar"]
[Result "0-1"]
[WhiteCountry "USA"]
[BlackCountry "IND"]
[WhiteElo "1691"]
[WhiteRD "48"]
[BlackElo "2302"]
[BlackRD "50"]
[GameID "372253"]

1. e4 e5 2. f4 exf4 3. Nf3 Be7 4. Bc4 Nf6 5. d3 c6 6. Bxf4 d5 7. exd5 Nxd5 8. Bg3 O-O 9. O-O Ne3 10. Qe2 Nxf1
11. Kxf1 Bf6 12. Nc3 Bg4 13. h3 Bh5 14. Re1 Nd7 15. d4 Bxd4 16. Qd3 Bf6 17. Ne4 b5 18. Bb3 Bxb2 19. Nd6 Nc5 20. Qf5 Nxb3
21. Qxh5 Nd4 22. Ne4 Nxc2 23. Nfg5 h6 24. Rb1 Qd3+
0-1

[Event "2014: Blitz 《 THE FINAL SHOOT-OUT 》"]
[Site "SchemingMind.com"]
[Date "2015.01.08"]
[Round "-"]
[White "BigDoggProblem"]
[Black "bfrozen"]
[Result "1-0"]
[WhiteCountry "USA"]
[BlackCountry "FIN"]
[WhiteElo "1834"]
[WhiteRD "62"]
[BlackElo "1248"]
[BlackRD "146"]
[GameID "372640"]

1. e4 c5 2. Nf3 Nc6 3. d4 cxd4 4. Nxd4 e5 5. Nb5 Bb4+ 6. N1c3 d6 7. a3 Ba5 8. Nxd6+ Ke7 9. Nxc8+ Rxc8 10. Bd2 Nf6
11. b4 Bb6 12. Bd3 h5 13. O-O Kf8 14. Qe1 Bd4 15. Rd1 a5 16. b5 Na7 17. a4 Nd7 18. Nd5 b6 19. Kh1 Nc5 20. c3 Nxd3
21. Qe2 Nf4 22. Nxf4 exf4 23. cxd4 Qxd4 24. Bxf4 Qxa4 25. Rd5 g6 26. Rfd1 Kg7 27. Be5+ Kh7 28. Bxh8
1-0

[Event "2014: Blitz 《 THE FINAL SHOOT-OUT 》"]
[Site "SchemingMind.com"]
[Date "2015.01.12"]
[Round "-"]
[White "emvarela"]
[Black "bfrozen"]
[Result "1-0"]
[WhiteCountry "ARG"]
[BlackCountry "FIN"]
[WhiteElo "1660"]
[WhiteRD "50"]
[BlackElo "1569"]
[BlackRD "95"]
[GameID "372641"]

1. e4 c5 2. Nf3 Nc6 3. d4 cxd4 4. Nxd4 Nf6 5. Nxc6 bxc6 6. Nc3 g6 7. Bd3 Bg7 8. O-O O-O 9. Be3 d5 10. exd5 cxd5
11. Ne2 Bg4 12. f3 Bd7 13. c3 a6 14. Bd4 Bb5 15. Bxb5 axb5 16. Qb3 Re8 17. Bxf6 Qb6+ 18. Bd4 Bxd4+ 19. cxd4 Rad8 20. Rfd1 e5
21. Kf1 e4 22. Ng3 b4 23. fxe4 dxe4 24. a3 Rxd4 25. Rxd4 Qxd4 26. axb4 e3 27. Rd1 Qf4+ 28. Kg1 Qf2+ 29. Kh1 e2 30. Nxe2 Qxe2
31. Rg1 Re3 32. Qd5 Kg7 33. Qd4+ f6 34. b5 Rb3 35. b6 Rxb2 36. Qd7+ Kh6 37. b7 Qe4 38. Qh3+ Kg5 39. Qg3+
1-0

[Event "2014: Blitz 《 THE FINAL SHOOT-OUT 》"]
[Site "SchemingMind.com"]
[Date "2015.01.08"]
[Round "-"]
[White "bfrozen"]
[Black "kenneth m day"]
[Result "0-1"]
[WhiteCountry "FIN"]
[BlackCountry "USA"]
[WhiteElo "1571"]
[WhiteRD "114"]
[BlackElo "1698"]
[BlackRD "51"]
[GameID "372643"]

1. e4 e5 2. Nf3 Nc6 3. Nc3 Nf6 4. Bb5 Nd4 5. Nxd4 exd4 6. Ne2 Bc5 7. b4 Bb6 8. Bb2 a6 9. Bd3 O-O 10. Nxd4 Re8
11. f3 Nd5 12. O-O Nxb4 13. Bc4 Nc6 14. c3 d6 15. Kh1 Ne5 16. Qb3 Nxc4 17. Qxc4 c5 18. Nf5 Be6 19. Nh6+ gxh6 20. Qe2 Qg5
21. f4 Qh4 22. f5 Bd7 23. c4 Rxe4 24. Qd3 Rf4 25. Rxf4 Qxf4 26. Qc3 Qe5 27. Qb3 Qxf5 28. Qxb6 Bc6 29. Qb3 Qf2 30. Qg3+ Qxg3
31. hxg3 Re8 32. d4 Re2 33. d5 Rxb2 34. dxc6 bxc6 35. a4 Rc2
0-1

[Event "2014: Blitz 《 THE FINAL SHOOT-OUT 》"]
[Site "SchemingMind.com"]
[Date "2015.01.08"]
[Round "-"]
[White "ray winteringham"]
[Black "bfrozen"]
[Result "0-1"]
[WhiteCountry "ENG"]
[BlackCountry "FIN"]
[WhiteElo "1478"]
[WhiteRD "50"]
[BlackElo "1248"]
[BlackRD "146"]
[GameID "372644"]

1. e4 c5 2. Nc3 Nc6 3. g3 d6 4. Bg2 Nf6 5. d3 g6 6. Nge2 Bg7 7. h3 O-O 8. O-O a6 9. Be3 b5 10. Qd2 b4
11. Nd1 Nh5 12. g4 Nf6 13. a3 Bd7 14. axb4 Nxb4 15. c3 Nc6 16. f3 Na5 17. c4 Nb3 18. Qc2 Nxa1 19. Qc3 Nxe4 20. Qa3 Nc2
21. Qb3 Nxe3 22. Nxe3 Nd2 23. Qc2 Nxf1 24. Kxf1 Rb8 25. f4 Rxb2 26. Qc1 Qb8 27. Kf2 Qb3 28. Nd5 Bd4+ 29. Kg3 Qxd3+
0-1

[Event "2014: Blitz 《 THE FINAL SHOOT-OUT 》"]
[Site "SchemingMind.com"]
[Date "2015.01.08"]
[Round "-"]
[White "bfrozen"]
[Black "Ramesh Panwar"]
[Result "0-1"]
[WhiteCountry "FIN"]
[BlackCountry "IND"]
[WhiteElo "1248"]
[WhiteRD "146"]
[BlackElo "2302"]
[BlackRD "50"]
[GameID "372645"]

1. e4 c5 2. Nf3 d6 3. Nc3 e5 4. Bc4 Be7 5. d3 Nf6 6. O-O O-O 7. Nd5 Nxd5 8. Bxd5 Na6 9. Bd2 Nc7 10. Ba5 Rb8
11. Bb3 b6 12. Bd2 b5 13. c4 Bd7 14. Ba5 a6 15. Qd2 Qc8 16. cxb5 Nxb5 17. Rac1 Bg4 18. Qe3 Bxf3 19. Qxf3 Nd4 20. Qd1 Rb5
21. Bd2 Nxb3 22. axb3 Qb7 23. b4 cxb4 24. b3 a5 25. Rc4 d5 26. exd5 Rxd5 27. Qf3 Qd7 28. Rc7 Qxc7 29. Qxd5 Rd8 30. Qf3 Qc2
0-1

[Event "2014: Blitz 《 THE FINAL SHOOT-OUT 》"]
[Site "SchemingMind.com"]
[Date "2015.01.08"]
[Round "-"]
[White "Scooter"]
[Black "bfrozen"]
[Result "1-0"]
[WhiteCountry "USA"]
[BlackCountry "FIN"]
[WhiteElo "1778"]
[WhiteRD "45"]
[BlackElo "1248"]
[BlackRD "146"]
[GameID "372646"]

1. d4 Nf6 2. Nf3 g6 3. Bf4 Bg7 4. e3 d6 5. Be2 O-O 6. O-O Nfd7 7. h3 c5 8. c3 Nc6 9. Nbd2 cxd4 10. cxd4 e5
11. dxe5 dxe5 12. Bg3 Re8 13. Ne4 Nf6 14. Qxd8 Rxd8 15. Nxf6+ Bxf6 16. Rfd1 Bf5 17. Rxd8+ Rxd8 18. Nh4 Rd2 19. Nxf5 gxf5 20. Bb5 Nb4
21. a3 Nc2 22. Rc1 Nd4 23. exd4 f4 24. dxe5 Bg5 25. Bh2 Rxb2 26. Bd3 Rb3 27. Be4 Rxa3 28. Bxb7 f3 29. Rc8+ Kg7 30. gxf3 Be7
31. Rc7 Kf8 32. Bf4
1-0

[Event "2014: Blitz 《 THE FINAL SHOOT-OUT 》"]
[Site "SchemingMind.com"]
[Date "2015.01.11"]
[Round "-"]
[White "BigDoggProblem"]
[Black "marcferrand"]
[Result "1-0"]
[WhiteCountry "USA"]
[BlackCountry "FRA"]
[WhiteElo "1834"]
[WhiteRD "62"]
[BlackElo "1033"]
[BlackRD "199"]
[GameID "372928"]

1. e4 e6 2. d4 d5 3. e5 b6 4. Nf3 h6 5. Be2 Bb7 6. O-O f6 7. exf6 Qxf6 8. Ne5 Ne7 9. Nc3 c5 10. Bb5+ Nbc6
11. Bxc6+ Bxc6 12. Be3 Nf5 13. Nxc6 e5 14. Nxe5 cxd4 15. Ng4 Qe6 16. Bxd4 O-O-O 17. Re1 Qc6 18. Ne5 Qb7 19. Qg4 Bd6 20. Qxf5+ Kb8
21. Ng6 Rhe8 22. Nb5 Qc6 23. Nxd6 Rxd6 24. Rxe8+ Qxe8 25. Be5 Kc7 26. Nf4 Qd7 27. Qxd7+ Kxd7 28. Bxd6 Kxd6 29. Rd1 Ke5 30. Nxd5 b5
31. b4 Kd6 32. Nc3+ Ke5 33. Nxb5 a6 34. Nc7 g5 35. Nxa6 Kf6 36. b5
1-0

[Event "2014: Blitz 《 THE FINAL SHOOT-OUT 》"]
[Site "SchemingMind.com"]
[Date "2015.01.11"]
[Round "-"]
[White "marcferrand"]
[Black "bfrozen"]
[Result "0-1"]
[WhiteCountry "FRA"]
[BlackCountry "FIN"]
[WhiteElo "1033"]
[WhiteRD "199"]
[BlackElo "1248"]
[BlackRD "146"]
[GameID "372929"]

1. e4 c5 2. c3 Nc6 3. d4 b6 4. d5 Ne5 5. f4 Ng6 6. g4 e6 7. Bc4 Qh4+ 8. Kf1 Nf6 9. Qe2 Nxg4 10. Nf3 Qf6
11. e5 Qf5 12. h3 Nxf4 13. Nh4 Qxe5 14. Qxg4 Nxd5 15. Nd2 Ne3+ 16. Kf2 Nxg4+ 17. Kg2 Bb7+ 18. Nhf3 Ne3+ 19. Kf2 Qf4 20. h4 Nxc4
21. Nb3 Qxf3+ 22. Kg1 Qg2#
0-1

[Event "2014: Blitz 《 THE FINAL SHOOT-OUT 》"]
[Site "SchemingMind.com"]
[Date "2015.01.11"]
[Round "-"]
[White "marcferrand"]
[Black "ray winteringham"]
[Result "0-1"]
[WhiteCountry "FRA"]
[BlackCountry "ENG"]
[WhiteElo "1033"]
[WhiteRD "199"]
[BlackElo "1478"]
[BlackRD "50"]
[GameID "372930"]

1. e4 e5 2. Bc4 Nf6 3. d3 c6 4. b4 Bxb4+ 5. c3 Ba5 6. Qf3 O-O 7. Bd2 d5 8. exd5 Bd7 9. Bb3 cxd5 10. d4 exd4
11. cxd4 Ne4 12. Bxd5 Nxd2 13. Nxd2 Qg5 14. Rd1 Bg4 15. h4 Qe7+ 16. Qe4 Qd7 17. Rc1 h6 18. h5 Re8 19. Qxe8+ Qxe8+ 20. Be4 Bxd2+
21. Kxd2 Qxe4 22. Rh4 Qf4+ 23. Kc3 Qxc1+ 24. Kd3 Bf5+ 25. Re4 Qb1+ 26. Kc4 Qc2+ 27. Kd5 Bxe4+ 28. Kd6 f6 29. Nh3 Qc6+ 30. Ke7 Qd7#
0-1

[Event "2014: Blitz 《 THE FINAL SHOOT-OUT 》"]
[Site "SchemingMind.com"]
[Date "2015.01.11"]
[Round "-"]
[White "Ramesh Panwar"]
[Black "marcferrand"]
[Result "1-0"]
[WhiteCountry "IND"]
[BlackCountry "FRA"]
[WhiteElo "2302"]
[WhiteRD "50"]
[BlackElo "1033"]
[BlackRD "199"]
[GameID "372931"]

1. e4 e5 2. Nf3 Qf6 3. Bc4 Qg6 4. O-O c6 5. Nxe5 Qxe4 6. Re1 Qxe5 7. Rxe5+ Be7 8. Qg4 Nf6 9. Qxg7 Rf8 10. Qxf6 b5
11. Qxe7#
1-0

[Event "2014: Blitz 《 THE FINAL SHOOT-OUT 》"]
[Site "SchemingMind.com"]
[Date "2015.01.16"]
[Round "-"]
[White "emvarela"]
[Black "marcferrand"]
[Result "1-0"]
[WhiteCountry "ARG"]
[BlackCountry "FRA"]
[WhiteElo "1660"]
[WhiteRD "50"]
[BlackElo "1270"]
[BlackRD "158"]
[GameID "372932"]

1. d4 Nf6 2. c4 c6 3. Nc3 e6 4. e4 d5 5. cxd5 cxd5 6. exd5 exd5 7. Bg5 Be7 8. Bxf6 Bxf6 9. Bb5+ Bd7 10. Bxd7+ Qxd7
11. Qe2+ Be7 12. Qb5 a5 13. Qxd7+ Nxd7 14. Nge2 Nb6 15. Nf4 O-O 16. O-O Rfd8 17. Rfe1 Rd7 18. Nfxd5 g6 19. Nxe7+ Kg7 20. Nxg6 Rxd4
21. Ne5 Rad8 22. Nf3 Rd3 23. Rad1 Nc4 24. Rxd3 Rxd3 25. Rd1 Nxb2 26. Rxd3 Nxd3 27. Kf1 Kf6 28. g3 Nc5 29. Ke2 a4 30. Nd4 Ke5
31. Ndb5 b6 32. f4+ Ke6 33. Nd4+ Kd6 34. Nf5+ Kc6 35. g4 a3 36. Nd4+ Kb7 37. h4 Ka6 38. Nb1 b5 39. Nxa3 b4 40. Nc4 Ne6
41. Nxe6 fxe6 42. f5 exf5 43. gxf5 Kb5 44. f6 Kxc4 45. f7 Kc3 46. f8=Q Kb2 47. Qxb4+ Kxa2 48. Kd2 h5 49. Kc1 Ka1 50. Qb2#
1-0

[Event "2014: Blitz 《 THE FINAL SHOOT-OUT 》"]
[Site "SchemingMind.com"]
[Date "2015.01.11"]
[Round "-"]
[White "marcferrand"]
[Black "Scooter"]
[Result "0-1"]
[WhiteCountry "FRA"]
[BlackCountry "USA"]
[WhiteElo "1033"]
[WhiteRD "199"]
[BlackElo "1778"]
[BlackRD "45"]
[GameID "372934"]

1. e4 c6 2. Nc3 d5 3. Qf3 e6 4. a3 Nf6 5. d3 Be7 6. b4 dxe4 7. Nxe4 Nbd7 8. Bb2 Nxe4 9. dxe4 Bf6 10. O-O-O Bxb2+
11. Kxb2 Qf6+ 12. c3 O-O 13. Qg3 Ne5 14. f4 Nd7 15. e5 Qe7 16. Bd3 c5 17. Nf3 cxb4 18. axb4 Nb6 19. Qg4 h6 20. f5 exf5
21. Qg3 Be6 22. Rd2 Rfd8 23. Rhd1 Rac8 24. Qf4 Na4+ 25. Kc2 g5 26. Qe3 Qxb4 27. Kc1 Rxc3+ 28. Rc2 Bc4 29. Nd2 Bxd3 30. g3 Rxc2#
0-1

[Event "2014: Blitz 《 THE FINAL SHOOT-OUT 》"]
[Site "SchemingMind.com"]
[Date "2015.01.11"]
[Round "-"]
[White "marcferrand"]
[Black "kenneth m day"]
[Result "0-1"]
[WhiteCountry "FRA"]
[BlackCountry "USA"]
[WhiteElo "1347"]
[WhiteRD "191"]
[BlackElo "1698"]
[BlackRD "51"]
[GameID "372935"]

1. e4 e5 2. d4 exd4 3. Qxd4 Nc6 4. Qc4 Nf6 5. Nf3 d6 6. Nc3 Be6 7. Nd5 Be7 8. h3 O-O 9. Qb3 Nxe4 10. h4 Nc5
11. Qe3 Bxd5 12. h5 Re8 13. Be2 Bf6 14. Qd2 Bc4 15. O-O Be6 16. c3 Bg4 17. Nd4 Bxe2 18. Nxe2 Qd7 19. f3 Re5 20. b4 Ne6
21. f4 Rxh5 22. f5 Ng5 23. Bb2 Re8 24. Rab1 Ne4 25. Qd3 d5 26. c4 Rxf5 27. Bxf6 Rxf6 28. cxd5 Rxf1+ 29. Rxf1 Nxb4 30. Qd4 Nxd5
31. Qxa7 c6 32. a4 Ne3 33. Rf4 Nd5 34. Kh2 Nxf4 35. Nxf4 g5 36. Nh5 Qg4 37. Qxb7 Qxh5+ 38. Kg1 Rd8 39. a5 Rd1#
0-1

[Event "2014: Blitz 《 THE FINAL SHOOT-OUT 》"]
[Site "SchemingMind.com"]
[Date "2015.01.20"]
[Round "-"]
[White "Kid A"]
[Black "BigDoggProblem"]
[Result "1-0"]
[WhiteCountry "FIN"]
[BlackCountry "USA"]
[WhiteElo "1969"]
[WhiteRD "71"]
[BlackElo "1810"]
[BlackRD "63"]
[GameID "373392"]

1. e4 d6 2. d4 Nf6 3. Nc3 g6 4. Nf3 Bg7 5. Be2 O-O 6. O-O Bg4 7. Bf4 c6 8. h3 Bxf3 9. Bxf3 Nbd7 10. e5 Nd5
11. Nxd5 cxd5 12. exd6 e6 13. c3 b5 14. a4 Qb6 15. Qc2 Rac8 16. axb5 Rfd8 17. Be2 Nb8 18. Be5 Bf8 19. Qa4 Bxd6 20. Qxa7 Qxa7
21. Rxa7 Bxe5 22. dxe5 g5 23. f4 gxf4 24. Rxf4 Rd7 25. Rfa4
1-0

[Event "2014: Blitz 《 THE FINAL SHOOT-OUT 》"]
[Site "SchemingMind.com"]
[Date "2015.01.20"]
[Round "-"]
[White "bfrozen"]
[Black "Kid A"]
[Result "0-1"]
[WhiteCountry "FIN"]
[BlackCountry "FIN"]
[WhiteElo "1571"]
[WhiteRD "114"]
[BlackElo "1969"]
[BlackRD "71"]
[GameID "373393"]

1. Nf3 Nf6 2. g3 d5 3. Bg2 c5 4. d3 Nc6 5. O-O e6 6. Nbd2 Bd6 7. c4 O-O 8. cxd5 exd5 9. Nb3 Re8 10. e3 Bf5
11. d4 c4 12. Nc5 Bxc5 13. dxc5 Qa5 14. Nd4 Bd7 15. Bd2 Qxc5 16. Nxc6 Qxc6 17. Bc3 a5 18. Bxf6 Qxf6 19. Bxd5 Rad8 20. Bxc4 Bh3
21. Qb3 Qf3
0-1

[Event "2014: Blitz 《 THE FINAL SHOOT-OUT 》"]
[Site "SchemingMind.com"]
[Date "2015.01.19"]
[Round "-"]
[White "Kid A"]
[Black "marcferrand"]
[Result "1-0"]
[WhiteCountry "FIN"]
[BlackCountry "FRA"]
[WhiteElo "1973"]
[WhiteRD "74"]
[BlackElo "1033"]
[BlackRD "199"]
[GameID "373394"]

1. e4 e5 2. Nf3 Nc6 3. Bc4 Bc5 4. b4 Nxb4 5. c3 Nd3+ 6. Bxd3 Nf6 7. O-O O-O 8. Bc2 Re8 9. d4 exd4 10. cxd4 Bb6
11. e5 Nd5 12. Bxh7+ Kf8 13. Bg5 f6 14. exf6 gxf6 15. Bh6+ Kf7 16. Ne5+ fxe5 17. Qh5+ Ke6 18. Qxe5+ Kf7 19. Qg7+ Ke6 20. Re1+ Kd6
21. Qg3+ Kc6 22. Rc1+ Kb5 23. Qb3+ Ka6 24. Bd3+ Ka5 25. Bd2+ Nb4 26. Qxb4#
1-0